书目信息 |
| 题名: |
离散数学基础
|
|
| 作者: | 洪帆 主编 | |
| 分册: | ||
| 出版信息: | 武汉 华中理工大学出版社 1995.08 |
|
| 页数: | 381页 | |
| 开本: | 32开 | |
| 丛书名: | ||
| 单 册: | ||
| 中图分类: | O158 | |
| 科图分类: | ||
| 主题词: | 代数 , 数论 , 组合数学 | |
| 电子资源: | ||
| ISBN: | 7-5609-1099-8 | |
| 000 | 00580nam0 2200217 45 | |
| 001 | 0011280991 | |
| 005 | 20001128095726.8 | |
| 010 | @a7-5609-1099-8@d13.80元 | |
| 100 | @a20001128d1995 km y0chiy0120 ea | |
| 101 | 0 | @achi |
| 105 | @a z 000yy | |
| 200 | 1 | @a离散数学基础@ALi San Shu Xue Ji Chu@f洪帆主编@FHong Fan Zhu Bian |
| 210 | @a武汉@c华中理工大学出版社@d1995.08 | |
| 215 | @a381页@d32开 | |
| 606 | 0 | @a代数 |
| 606 | 0 | @a数论 |
| 606 | 0 | @a组合数学 |
| 690 | @aO158@v3 | |
| 701 | 0 | @a洪帆@4主编 |
| 801 | @aCN@bPftUser@c20001128 | |
| 905 | @b506317-321@dO158@eH.188=2@f5 | |
| 离散数学基础/洪帆主编.-武汉:华中理工大学出版社,1995.08 |
| 381页;32开 |
| ISBN 7-5609-1099-8:13.80元 |
| ● |
| 相关链接 |
|
|
|
正题名:离散数学基础
索取号:O158/H.188=2
 
预约/预借
| 序号 | 登录号 | 条形码 | 馆藏地/架位号 | 状态 | 备注 |
| 1 | 506317 | 205063170 | 自科二线504/401自科库 75排1列3层/ [索取号:O158/H.188=2] | 在馆 | |
| 2 | 506318 | 205063189 | 自科二线504/504自科库 48排1列5层/ [索取号:O158/H.188=2] | 在馆 | |
| 3 | 506319 | 205063198 | 自科二线504/401自科库 75排1列3层/ [索取号:O158/H.188=2] | 在馆 | |
| 4 | 506320 | 205063205 | 自科二线504/401自科库 75排1列3层/ [索取号:O158/H.188=2] | 在馆 | |
| 5 | 506321 | 205063214 | 自科二线504/401自科库 75排1列3层/ [索取号:O158/H.188=2] | 在馆 |